002460000a220007300045001000023000002450074000233000053000977730022001501 aPorter, Stanley E.10aThucydides 1.22.1 and speeches in Acts : Is there a thucydidean view? aVol. 32, Num. 2 (Abril, 1990), Páginas 121-1420 tNovum Testamentum